Discours de la méthode... plus la dioptrique, les meteores et la géométrie / (Registro nro. 55564)

Detalles MARC
000 -LEADER
campo de control de longitud fija 00992nam a2200277 i 4500
001 - NÚMERO DE CONTROL
campo de control 55564
003 - IDENTIFICADOR DE NÚMERO DE CONTROL
campo de control ES-MaACL
005 - FECHA Y HORA DE LA ÚLTIMA TRANSACCIÓN
campo de control 20250703063102.0
007 - CAMPO FIJO DE DESCRIPCIÓN FÍSICA--INFORMACIÓN GENERAL
campo de control de longitud fija t|
008 - DATOS DE LONGITUD FIJA--INFORMACIÓN GENERAL
campo de control de longitud fija 030923s1986 fr ||||1| fre d
020 ## - NÚMERO INTERNACIONAL ESTÁNDAR DEL LIBRO
Número Internacional Estándar del Libro 2-213-01699-2
100 1# - ENTRADA PRINCIPAL--NOMBRE DE PERSONA
Nombre de persona Descartes, René,
Fechas asociadas al nombre 1596-1650
9 (RLIN) 43838
245 10 - MENCIÓN DEL TÍTULO
Título Discours de la méthode... plus la dioptrique, les meteores et la géométrie /
Mención de responsabilidad, etc. [Descartes] ; texte revu par Jean-Robert Armogathe et Vincent Carraud.
260 ## - PUBLICACIÓN, DISTRIBUCIÓN, ETC.
Lugar de publicación, distribución, etc. [S.l.] :
Nombre del editor, distribuidor, etc. Fayard,
Fecha de publicación, distribución, etc. [1986]
300 ## - DESCRIPCIÓN FÍSICA
Extensión 476 p. :
Otras características físicas il. ;
Dimensiones 23 cm.
490 1# - MENCIÓN DE SERIE
Mención de serie Corpus des oeuvres de philosophie en langue française
500 ## - NOTA GENERAL
Nota general Reprod. facs. de la 1ª ed. de: Leyden, 1637.
500 ## - NOTA GENERAL
Nota general Indices.
655 #7 - TERMINO DE INDIZACIÓN--GENERO/FORMA
Fuente del término tgfbne
9 (RLIN) 226495
Datos o término principal de género/forma Facsímiles
700 1# - ENTRADA AGREGADA--NOMBRE PERSONAL
Nombre de persona Armogathe, Jean-Robert.
9 (RLIN) 22993
700 1# - ENTRADA AGREGADA--NOMBRE PERSONAL
Nombre de persona Carraud, Vincent.
9 (RLIN) 35591
830 0# - PUNTO DE ACCESO ADICIONAL DE SERIE-TÍTULO UNIFORME
Título uniforme Corpus des oeuvres de philosophie en langue française
9 (RLIN) 183730
852 ## - LOCALIZACIÓN
Ubicación ES-MaACL
Número de control de estantería L-11894
942 ## - ELEMENTOS DE ENTRADA SECUNDARIOS (KOHA)
Fuente del sistema de clasificación o colocación Clasificación decimal universal
Existencias
Estatus retirado Estado de pérdida Estado de daño No para préstamo Biblioteca de origen Biblioteca actual Ubicación en estantería Fecha de adquisición Fuente de adquisición Total de préstamos Signatura topográfica completa Código de barras Visto por última vez Precio de reemplazo Tipo de ítem Koha
        Biblioteca del Ateneo de Madrid Biblioteca del Ateneo de Madrid Depósito 2 17/01/2008     L-11894 1058373 23/02/2023 23/02/2023 Libro impreso